Gestión de la comunicación: un enfoque integral (Registro nro. 13123)

Detalles MARC
000 -Cabecera
Campo de control de longitud fija 01507nam a22005057a 4500
005 - Fecha y hora de la última transacción
Campo de control 20250924112553.0
008 - Elementos de longitud fija--Información general
Campo de control de longitud fija 210813b2019 xxu||||| |||| 00| 0 spa d
020 ## - International Standard Book Number
Número Internacional Estándar del Libro (ISBN) 9788417914110
041 ## - Idioma
Código de idioma Español
082 ## - Clasificación Decimal Dewey
Número de clasificación 658.45 M379g
100 ## - Entrada principal--Autor personal
Nombre personal Martín-Santana, Josefa
9 (RLIN) 61002
100 ## - Entrada principal--Autor personal
Nombre personal Reinares-Lara, Eva
9 (RLIN) 61003
100 ## - Entrada principal--Autor personal
Nombre personal Olarte Pascual, Cristina
100 ## - Entrada principal--Autor personal
Nombre personal Reinares-Lara, Pedro
9 (RLIN) 61005
100 ## - Entrada principal--Autor personal
Nombre personal Samino-García, Rocio
9 (RLIN) 61006
110 ## - Entrada principal--Autor corporativo
Nombre de entidad corporativa
245 ## - Título propiamente dicho
Título Gestión de la comunicación: un enfoque integral
260 ## - Pie de imprenta
Lugar de publicación, distribución, etc. España
260 ## - Pie de imprenta
Nombre del editor, distribuidor, etc. ESIC Editorial
260 ## - Pie de imprenta
Fecha de publicación, distribución, etc. 2019
300 ## - Descripción física
Extensión 327 páginas
490 ## - Serie
Título de la Serie Dirección y Administración de Empresas
650 ## - Materia general
Temática (materia general) COMUNICACIÓN CÓMO TÉCNICA GERENCIAL
650 ## - Materia general
Temática (materia general) COMUNICACIÓN ESTRATÉGICA
650 ## - Materia general
Temática (materia general) COMUNICACIÓN INTEGRADA DE MARKETIN
650 ## - Materia general
Temática (materia general) PUBLICIDAD
650 ## - Materia general
Temática (materia general) PLAN DE COMUNICACIÓN
650 ## - Materia general
Temática (materia general) PUBLICIDAD
650 ## - Materia general
Temática (materia general) MEDIOS. SOPORTES Y FORMAS DE COMUNICACIÓN
650 ## - Materia general
Temática (materia general) PRENSA IMPRESA
650 ## - Materia general
Temática (materia general) RADIO
650 ## - Materia general
Temática (materia general) TELEVISIÓN
650 ## - Materia general
Temática (materia general) CINE
650 ## - Materia general
Temática (materia general) PUBLICIDAD EXTERIOR
650 ## - Materia general
Temática (materia general) INTERNET
650 ## - Materia general
Temática (materia general) PUBLICIDAD
650 ## - Materia general
Temática (materia general) PROMOCIÓN DE VENTAS
650 ## - Materia general
Temática (materia general) MARKETING DIRECTO
650 ## - Materia general
Temática (materia general) MARKETING COMO INSTRUMENTO DE COMUNICACIÓN
650 ## - Materia general
Temática (materia general) CANALES DE MARKETING DIRECTO
650 ## - Materia general
Temática (materia general) TELEMARKETING
650 ## - Materia general
Temática (materia general) RELACIONES PÚBLICAS
650 ## - Materia general
Temática (materia general) PRINCIPALES TÉCNICAS DE RELACIONES PÚBLICAS
942 ## - Punto de acceso adicional KOHA
Tipo de ítem KOHA Libro
Fuente del sistema de clasificación o colocación Dewey Decimal Classification
Existencias
Signatura completa Código de barras Programa Académico Tipo de ítem
658.45 M379g 25356 Dirección y Administración de Empresas Libro